000 00651nam a2200253Ia 4500
003 OSt
005 20221005075116.0
006 a|||||r|||| 00| 0
007 ta
008 221004b |||||||| |||| 00| 0 eng d
020 _a817099926X
024 _a78293
037 _cTextual
040 _aCRL
_cCRL
_beng
041 _2eng
_aeng
082 _aV2,64:28, P4
100 _aBaluchamy S
_9609319
245 0 _aPanchayati raj institutions
260 _aNew Delhi
_bMittal Publications India
_c2004
300 _a236p.
_ccm.
650 _aHISTORY
942 _hV2,64:28, P4
_cTEXL
_2cc
999 _c983751
_d983751